000 01931nam a2200397 a 4500
999 _c371613
_d371613
003 BLK
005 20241011163209.0
008 200630b bu ||||| |||| 00| 0 bu d
020 _a9789540903859
040 _aBLK
041 _aBUL
_cBUL
080 _aБългарска литература
_b821.163.2
_x(081)
_z821.163.2(081)
080 _aБългарска литература
_b821.163.2
_x(092)(044)
_z821.163.2(092)(044)
080 _aБългарска литература
_b821.163.2
_x(092)
_z821.163.2(092)
080 _aБългарски поет
_b929 Яворов, Пейо Крачолов
_z929 Яворов, Пейо Крачолов
100 _aЯворов, Пейо Крачолов
_d1878 - 1914
_qКрачолов, Пейо Тотев
_9245003
139 _aЯворов, Пейо Крачолов
245 _aСъчинения в седем тома
_cПейо К. Яворов ; състав., предг. и бел. Василена Билярска, Донка Билярска, Цочо Билярски.
_nТ. 6
_pПисма
260 _9209473
_aСофия
_bЗахарий Стоянов
_c2019
_fСофия : Образование и наука
300 _c22 см
380 _aX
500 _aПейо Яворов - псевд. на авт. Пейо Тотев Крачолов Други състав.: Донка Билярска, Цочо Билярски
700 _aБилярска, Василена Цочева
_9315512
700 _9341169
_aБилярска, Донка
_eсъстав.
760 _aЯворов, Пейо Крачолов
_dСофия, 2019
_h693 с.
_oт. 6
_tПисма
852 _aЦб 299170
_bЦб
942 _cKNG
_n0
_s1
_02
944 _aCR
_c2020-06-30
_k30530
_lМинев Младен
999 _d371613
999 _d371613
999 _d371613
999 _d371613
999 _d371613
999 _d371613
999 _d371610